| 000 | nam a22 7a 4500 | ||
|---|---|---|---|
| 999 |
_c234383 _d234383 |
||
| 003 | Nust | ||
| 005 | 20170320111829.0 | ||
| 008 | 170320b xxu||||| |||| 00| 0 eng d | ||
| 040 | _c0 | ||
| 082 | _a320.3 ALM | ||
| 100 | _aAlmond,Gabriel A. | ||
| 245 |
_aComparative Politics Today : _bA World View |
||
| 250 | _a8th ed. | ||
| 260 |
_aRawalpindi _bNational Book Foundation _c2007. |
||
| 300 | _a808 p. | ||
| 500 | _aH.B | ||
| 942 |
_2ddc _cBK _k320.3 ALM |
||